[Event "Hamburg ch"]
[Site "?"]
[Date "1997.??.??"]
[Round "9"]
[White "reyther, M."]
[Black "Maahs, E."]
[Result "1-0"]
[WhiteElo "2415"]
[BlackElo "2235"]
[PlyCount "39"]
[EventDate "1997.??.??"]

1. e4 d5 2. exd5 Nf6 3. c4 c6 4. d4 cxd5 5. Nc3 Nc6 6. Nf3 Bg4 7. cxd5 Nxd5 8.
Qb3 Nb6 9. Be3 e6 10. Ne5 Bh5 11. Qb5 a6 12. Nxc6 axb5 13. Nxd8 Kxd8 14. Bxb5
Bb4 15. O-O Ra5 16. a4 Nc8 17. Rfc1 Ra8 18. d5 Nd6 19. dxe6 fxe6 20. Bg5+ 1-0

[Event "Hamburg ch"]
[Site "?"]
[Date "1997.??.??"]
[Round "9"]
[White "Bathke, J."]
[Black "Lindinger, M."]
[Result "0-1"]
[WhiteElo "2235"]
[BlackElo "2145"]
[PlyCount "56"]
[EventDate "1997.??.??"]

1. e4 e5 2. Nc3 Nc6 3. f4 exf4 4. d4 Qh4+ 5. Ke2 d5 6. exd5 Bg4+ 7. Nf3 O-O-O
8. dxc6 Bc5 9. cxb7+ Kb8 10. Qe1 Qh5 11. Bxf4 Re8+ 12. Be3 Bxd4 13. Nd1 Nf6 14.
Qd2 Bxe3 15. Nxe3 Bxf3+ 16. gxf3 Nd5 17. Re1 Nxe3 18. Kf2 Ng4+ 19. Kg3 Ne5 20.
Bg2 Re6 21. Qc3 Rhe8 22. h4 g5 23. Re4 f5 24. Ra4 gxh4+ 25. Rhxh4 Qg5+ 26. Kf2
Ng6 27. Rh2 Re2+ 28. Kf1 Qc1+ 0-1

[Event "Hamburg ch"]
[Site "?"]
[Date "1997.??.??"]
[Round "9"]
[White "Neffe, A."]
[Black "Berg, K."]
[Result "0-1"]
[WhiteElo "2230"]
[BlackElo "2410"]
[PlyCount "48"]
[EventDate "1997.??.??"]

1. e4 c6 2. d4 d5 3. f3 g6 4. Nc3 Bg7 5. Be3 Qb6 6. Qd2 Qxb2 7. Rb1 Qa3 8. exd5
Nf6 9. Bc4 O-O 10. Nge2 Nbd7 11. dxc6 bxc6 12. Rb3 Qa5 13. O-O Nb6 14. Bd3 Be6
15. Rb2 Nc4 16. Bxc4 Bxc4 17. Re1 Rab8 18. Reb1 Rxb2 19. Rxb2 Rc8 20. Rb7 Qa6
21. Rxe7 Bxe2 22. Nxe2 Nd5 23. Re4 f5 24. Rh4 Re8 0-1

[Event "Hamburg ch"]
[Site "?"]
[Date "1997.??.??"]
[Round "9"]
[White "Gara, A."]
[Black "Trisic, A."]
[Result "0-1"]
[WhiteElo "2285"]
[BlackElo "2245"]
[PlyCount "72"]
[EventDate "1997.??.??"]

1. e4 c5 2. Nf3 d6 3. d4 cxd4 4. Nxd4 Nf6 5. Nc3 a6 6. Be2 e6 7. O-O Be7 8. a4
Nc6 9. Be3 O-O 10. f4 Qc7 11. Kh1 Re8 12. Bf3 Rb8 13. Nb3 b6 14. g4 Na5 15. g5
Nd7 16. Nd4 Nc4 17. Bc1 Bf8 18. Bg2 Bb7 19. b3 Na5 20. Bb2 g6 21. Rf3 Nc6 22.
Nxc6 Bxc6 23. Nd5 exd5 24. Qd4 f6 25. exd5 Ba8 26. gxf6 Qxc2 27. Rh3 Re2 28.
f7+ Kxf7 29. Rxh7+ Ke8 30. Rg1 Qxb2 31. Qd3 Qc2 32. Qh3 Qf5 33. Qf3 Rxg2 34.
Rxg2 Bxd5 35. Qe3+ Qe4 36. Qxe4+ Bxe4 0-1

[Event "Hamburg ch"]
[Site "?"]
[Date "1997.??.??"]
[Round "9"]
[White "Ritscher, JP."]
[Black "Putzbach, G."]
[Result "0-1"]
[WhiteElo "2320"]
[BlackElo "2255"]
[PlyCount "100"]
[EventDate "1997.??.??"]

1. e4 e6 2. d4 d5 3. e5 c5 4. c3 Nc6 5. Nf3 Qb6 6. a3 c4 7. Be2 Bd7 8. O-O Nge7
9. Nbd2 Na5 10. a4 h6 11. b4 cxb3 12. Ba3 Ng6 13. Bxf8 Rxf8 14. Ra3 Nf4 15. Re1
Rc8 16. Qa1 Nxe2+ 17. Rxe2 Qa6 18. Re1 Qd3 19. Nxb3 Qxc3 20. Nxa5 Qxa5 21. Qb1
b5 22. Qh7 b4 23. Raa1 Bxa4 24. Qxg7 b3 25. Qxh6 b2 26. Rab1 Qb6 27. Ng5 Bc2
28. Rxb2 Qxb2 29. Nxe6 Qb4 30. Ng7+ Kd8 31. Rc1 Qe7 32. Qa6 Rg8 33. Qa5+ Rc7
34. Qxd5+ Qd7 35. Qf3 Be4 36. Qf6+ Qe7 37. Re1 Qxf6 38. exf6 Bd5 39. g4 Rc4 40.
f4 Rxd4 41. h3 a5 42. Nf5 Rd3 43. g5 Rxh3 44. Re5 Bb3 45. Rxa5 Rgh8 46. Nd4
R8h4 47. Ra7 Rg4+ 48. Kf2 Rxf4+ 49. Kg2 Rxd4 50. Kxh3 Be6+ 0-1

[Event "Hamburg ch"]
[Site "?"]
[Date "1997.??.??"]
[Round "9"]
[White "Kroencke, M."]
[Black "Schueler, W."]
[Result "1/2-1/2"]
[WhiteElo "2155"]
[BlackElo "2190"]
[PlyCount "36"]
[EventDate "1997.??.??"]

1. e4 d5 2. exd5 Qxd5 3. Nc3 Qa5 4. Bc4 Nf6 5. d3 c6 6. Bd2 Qc7 7. Qe2 Bf5 8.
Nf3 Nbd7 9. h3 e6 10. Bb3 h6 11. g4 Bg6 12. d4 O-O-O 13. O-O-O Bd6 14. Rhe1 Bf4
15. Ne5 Bxd2+ 16. Rxd2 Nxe5 17. dxe5 Rxd2 18. Qxd2 Nd7 1/2-1/2